Information management strategies for gaining a competitive advantage with data / (Record no. 276721)
[ view plain ]
| 000 -LEADER | |
|---|---|
| fixed length control field | 01017cam a2200301 i 4500 |
| 001 - CONTROL NUMBER | |
| control field | 18025624 |
| 005 - DATE AND TIME OF LATEST TRANSACTION | |
| control field | 20141106144849.0 |
| 008 - FIXED-LENGTH DATA ELEMENTS--GENERAL INFORMATION | |
| fixed length control field | 140131s2014 ne b 001 0 eng |
| 010 ## - LIBRARY OF CONGRESS CONTROL NUMBER | |
| LC control number | 2013047930 |
| 020 ## - INTERNATIONAL STANDARD BOOK NUMBER | |
| International Standard Book Number | 9780124080560 |
| 040 ## - CATALOGING SOURCE | |
| Original cataloging agency | DLC |
| Language of cataloging | eng |
| Transcribing agency | DLC |
| Description conventions | rda |
| 042 ## - AUTHENTICATION CODE | |
| Authentication code | pcc |
| 050 00 - LIBRARY OF CONGRESS CALL NUMBER | |
| Classification number | HF 54.54 |
| Item number | .M34 2014 |
| 082 00 - DEWEY DECIMAL CLASSIFICATION NUMBER | |
| Classification number | 658.4/038 |
| 100 1# - MAIN ENTRY--PERSONAL NAME | |
| Personal name | McKnight, William |
| Titles and other words associated with a name | (Consultant) |
| 245 10 - TITLE STATEMENT | |
| Title | Information management strategies for gaining a competitive advantage with data / |
| Statement of responsibility, etc | William Mcknight. |
| 260 ## - PUBLICATION, DISTRIBUTION, ETC. (IMPRINT) | |
| Place of publication, distribution, etc | U.S.A. : |
| Name of publisher, distributor, etc | Elsevier Inc., |
| Date of publication, distribution, etc | c2014. |
| 300 ## - PHYSICAL DESCRIPTION | |
| Extent | xviii, 195 pages ; |
| Dimensions | 23 cm. |
| 504 ## - BIBLIOGRAPHY, ETC. NOTE | |
| Bibliography, etc | Includes bibliographical references and index. |
| 521 ## - TARGET AUDIENCE NOTE | |
| Target audience note | Business Administration |
| 650 #0 - SUBJECT ADDED ENTRY--TOPICAL TERM | |
| Topical term or geographic name as entry element | Business information services. |
| 650 #0 - SUBJECT ADDED ENTRY--TOPICAL TERM | |
| Topical term or geographic name as entry element | Business intelligence. |
| 650 #0 - SUBJECT ADDED ENTRY--TOPICAL TERM | |
| Topical term or geographic name as entry element | Database management. |
| 650 #0 - SUBJECT ADDED ENTRY--TOPICAL TERM | |
| Topical term or geographic name as entry element | Big data. |
| 906 ## - LOCAL DATA ELEMENT F, LDF (RLIN) | |
| a | 7 |
| b | cbc |
| c | orignew |
| d | 1 |
| e | ecip |
| f | 20 |
| g | y-gencatlg |
| 942 ## - ADDED ENTRY ELEMENTS (KOHA) | |
| Source of classification or shelving scheme | Library of Congress Classification |
| Koha item type | Books |
| Call number prefix | Foreign |
| Withdrawn status | Lost status | Source of classification or shelving scheme | Damaged status | Home library | Current library | Shelving location | Date acquired | Source of acquisition | Total Checkouts | Total Renewals | Full call number | Barcode | Date last seen | Date checked out | Price effective from | Koha item type |
|---|---|---|---|---|---|---|---|---|---|---|---|---|---|---|---|---|
| Library of Congress Classification | College Library | College Library | Graduate Section | 11/06/2014 | Library Fund | 2 | 21 | HF 54.54 .M34 2014 | C18841 | 07/27/2019 | 05/30/2019 | 11/06/2014 | Books |